Countries With The Most Jehovah's Witnesses - Statistics

General Stats
  • This quiz has been taken 206 times
  • The average score is 8 of 15
Answer Stats
Memorial Attendants Country % Correct
2,416,752 United States
100%
2,258,524 Mexico
92%
1,922,286 Brazil
87%
567,889 Colombia
72%
398,335 Peru
60%
835,850 Nigeria
58%
470,857 Venezuela
58%
414,595 Italy
51%
1,264,290 Democratic Republic of the Congo
49%
612,911 Philippines
37%
381,212 Ghana
31%
696,384 Angola
28%
334,110 Mozambique
25%
979,338 Zambia
21%
342,426 Malawi
11%
No matching quizzes found
Score Distribution
Percent of People with Each Score
Percentile by Number Answered
Your Score History
You have not taken this quiz